The classics of international law : Hispanicae advocationis libri dvo

Gespeichert in:
Bibliographische Detailangaben
1. Verfasser: Gentili, Alberico
Format: Buch
Sprache:Undetermined
Veröffentlicht: New York Oxford University Press 1921
Schlagworte:
Tags: Tag hinzufügen
Keine Tags, Fügen Sie den ersten Tag hinzu!
Thư viện lưu trữ: Trung tâm Học liệu Trường Đại học Cần Thơ
LEADER 00539nam a2200193Ia 4500
001 CTU_89670
008 210402s9999 xx 000 0 und d
082 |a 341 
082 |b G338 
100 |a Gentili, Alberico 
245 4 |a The classics of international law : 
245 0 |b Hispanicae advocationis libri dvo 
245 0 |c Alberico Gentili 
260 |a New York 
260 |b Oxford University Press 
260 |c 1921 
650 |a International law 
904 |i Bằng 
980 |a Trung tâm Học liệu Trường Đại học Cần Thơ